000 00736nam a2200241Ia 4500
003 OSt
005 20220923225630.0
006 a|||||r|||| 00| 0
007 ta
008 Pun
024 _a272,929
037 _cTextual
040 _aARTS
_cARTS
_bPun
041 _2Pun
_aPun
082 _aO153.6x, H4;J8
100 _aਨਰੂਲਾ, ਸੁਰਿੰਦ੍ਰ
245 0 _aਪੰਜਾਬੀ ਸਾਹਿਤ ਦੀ ਜਾਣ ਪਛਾਣ
260 _aਲੁਧਿਆਣਾ
_b ਲਾਹੌਰ ਬੁੱਕ Fਾਪ
_c1944
300 _a188ਪੰ
_ccm.
650 _aਪੰਜਾਬੀ ਸਾਹਿਤ
942 _hO153.6x, H4;J8
_cTEXL
_2CC
999 _c379575
_d379575